Soluciones analíticas de los ejercicios y problemas contenidos en la obras del autor / (Record no. 51552)

MARC details
000 -LEADER
campo de control de longitud fija 00693nam a2200193 i 4500
001 - NÚMERO DE CONTROL
campo de control 51552
003 - IDENTIFICADOR DE NÚMERO DE CONTROL
campo de control ES-MaACL
005 - FECHA Y HORA DE LA ÚLTIMA TRANSACCIÓN
campo de control 20240223063025.0
007 - CAMPO FIJO DE DESCRIPCIÓN FÍSICA--INFORMACIÓN GENERAL
campo de control de longitud fija t|
008 - DATOS DE LONGITUD FIJA--INFORMACIÓN GENERAL
campo de control de longitud fija 030813s1918 sp ||||1| spa d
100 0# - ENTRADA PRINCIPAL--NOMBRE DE PERSONA
Nombre de persona Dalmau Carles, José,
Fechas asociadas al nombre 1857-1928
9 (RLIN) 42520
245 10 - MENCIÓN DEL TÍTULO
Título Soluciones analíticas de los ejercicios y problemas contenidos en la obras del autor /
Mención de responsabilidad, etc. José Dalmau Carles.
250 ## - MENCION DE EDICION
Mención de edición 17ª ed. corr. y aum. por José María Dalmau Casademont.
260 ## - PUBLICACIÓN, DISTRIBUCIÓN, ETC.
Lugar de publicación, distribución, etc. Barcelona :
Nombre del editor, distribuidor, etc. Juan darné,
Fecha de publicación, distribución, etc. 1918 (
Fabricante Henrich y Cª)
300 ## - DESCRIPCIÓN FÍSICA
Extensión XII, 13-582 p. ;
Dimensiones 21 cm.
700 1# - ENTRADA AGREGADA--NOMBRE PERSONAL
Nombre de persona Dalmau Casademont, José María.
9 (RLIN) 42521
852 ## - LOCALIZACIÓN
Ubicación ES-MaACL
Número de control de estantería D-2849
Holdings
Estatus retirado Estado de pérdida Estado de daño No para préstamo Biblioteca de origen Biblioteca actual Ubicación en estantería Fecha de adquisición Fuente de adquisición Total de préstamos Signatura topográfica completa Código de barras Visto por última vez Precio de reemplazo Tipo de ítem Koha
        Biblioteca del Ateneo de Madrid Biblioteca del Ateneo de Madrid Sala Valle Inclán 17/01/2008     D-2849 901054216 23/02/2023 23/02/2023 Libro impreso